000 00354 a2200169 4500
001 157063
020 _a9788516107888
040 _cEscola São Tomás de Aquino
100 _aROCHA, Ruth
240 1 0 _aOuvir
_lpor
245 1 0 _aOuvir
300 _a24 p.
362 0 _a2017
440 1 _aSalamandra
697 _a*LITERATURA INFANTIL
942 _cBK
999 _c157063
_d157063